| 000 -LEADER |
| fixed length control field |
01057nam a2200241 4500 |
| 020 ## - INTERNATIONAL STANDARD BOOK NUMBER |
| ISBN |
9789811692987 |
| 082 ## - DEWEY DECIMAL CLASSIFICATION NUMBER |
| Classification number |
330.0151 |
| Item number |
Z38o 2022 |
| 100 ## - MAIN ENTRY--AUTHOR NAME |
| Personal name |
Zaslavski, Alexander J., author. |
| 245 ## - TITLE STATEMENT |
| Title |
Optimal control problems arising in mathematical economics / Alexander J. Zaslavski. |
| 260 ## - PUBLICATION, DISTRIBUTION, ETC. (IMPRINT) |
| Place of publication |
Singapore : |
| Name of publisher |
Springer Nature Singapore Pte Ltd., |
| Year of publication |
c2022. |
| 300 ## - PHYSICAL DESCRIPTION |
| Number of Pages |
1 online resource, xi, 378 pages : |
| Other physical details |
illustrations. |
| 490 ## - SERIES STATEMENT |
| Series statement |
Monographs in Mathematical Economics. |
| 500 ## - GENERAL NOTE |
| General note |
Includes bibliographical references and index. |
| 520 ## - SUMMARY, ETC. |
| Summary, etc |
This book studies discrete-time optimal control problems arising in mathematical economics, focusing on turnpike theory, stability of optimal solutions, and applications to economic growth models. |
| 650 ## - SUBJECT ADDED ENTRY--TOPICAL TERM |
| Topical Term |
Mathematical economics. |
| 650 ## - SUBJECT ADDED ENTRY--TOPICAL TERM |
| Topical Term |
Optimal control theory. |
| 650 ## - SUBJECT ADDED ENTRY--TOPICAL TERM |
| Topical Term |
Economic dynamics. |
| 700 ## - ADDED ENTRY--PERSONAL NAME |
| Personal name |
Maruyama, Toru, editor. |
| 700 ## - ADDED ENTRY--PERSONAL NAME |
| Personal name |
Kusuoka, Shigeo, editor. |
| 700 ## - ADDED ENTRY--PERSONAL NAME |
| Personal name |
Grandmont, Jean-Michel, editor. |
| 700 ## - ADDED ENTRY--PERSONAL NAME |
| Personal name |
Rockafellar, Tyrrell R., editor. |
| 942 ## - ADDED ENTRY ELEMENTS (KOHA) |
| Koha item type |
Electronic Books |